| 000 | 00356pab a2200133 454500 | ||
|---|---|---|---|
| 008 | 180718b1985 xxu||||| |||| 00| 0 eng d | ||
| 100 | _aBlahoz, Jasef | ||
| 245 | _aPolitical sciences in Czechoslovakia | ||
| 260 | _c1985 | ||
| 300 | _a1-8 | ||
| 650 | _aPolitical Science - Czechoslovakia | ||
| 773 | _aIndian Journal of Political Studies | ||
| 909 | _a15402 | ||
| 999 |
_c15402 _d15402 |
||